| 000 | 00766cab a2200253 4500 | ||
|---|---|---|---|
| 001 | WB3008-52 | ||
| 008 | 090401t1994 xxu||||| |||| 00| 0 eng d | ||
| 035 | _a(Sirsi) u76302 | ||
| 041 | _aeng | ||
| 245 | _aAid to coal regions | ||
| 260 | _c1994 | ||
| 350 | _a0 | ||
| 490 |
_aCommission of the European Communities Week in Europe _vWE/6/94 17 February 1994, 1(1) |
||
| 520 | _aUK coal mining regions hit by closures are likely to receive a large share of EC Structural Funds under the RECHAR scheme. | ||
| 650 | _aCOAL MINING AREAS | ||
| 650 | _aEC FUNDING | ||
| 650 | _aREGIONAL AID | ||
| 650 | _aSTRUCTURAL FUNDS | ||
| 650 | _aURBAN REGENERATION | ||
| 690 | _aMINING AND MINERALS | ||
| 690 | _aURBAN RENEWAL | ||
| 942 | _n0 | ||
| 948 | _c04/03/1997 | ||
| 999 |
_c48011 _d48011 |
||